Strategic Management (Record no. 346243)
[ view plain ]
| 000 -LEADER | |
|---|---|
| fixed length control field | 00818 a2200265 4500 |
| 003 - CONTROL NUMBER IDENTIFIER | |
| control field | OSt |
| 005 - DATE AND TIME OF LATEST TRANSACTION | |
| control field | 20180116182811.0 |
| 008 - FIXED-LENGTH DATA ELEMENTS--GENERAL INFORMATION | |
| fixed length control field | 160927b xxu||||| |||| 00| 0 eng d |
| 020 ## - INTERNATIONAL STANDARD BOOK NUMBER | |
| International Standard Book Number | 9971513676 |
| 020 ## - INTERNATIONAL STANDARD BOOK NUMBER | |
| International Standard Book Number | 9789971513672 |
| 040 ## - CATALOGING SOURCE | |
| Transcribing agency | 0 |
| 082 ## - DEWEY DECIMAL CLASSIFICATION NUMBER | |
| Classification number | 658.4021 SAL 2001 |
| 100 1# - MAIN ENTRY--PERSONAL NAME | |
| Personal name | Saloner, Garth. |
| 245 10 - TITLE STATEMENT | |
| Title | Strategic Management |
| Statement of responsibility, etc. | Garth Saloner. |
| 250 ## - EDITION STATEMENT | |
| Edition statement | 1ST ed. |
| 260 ## - PUBLICATION, DISTRIBUTION, ETC. | |
| Place of publication, distribution, etc. | [S.l.] : |
| Name of publisher, distributor, etc. | Wiley, |
| Date of publication, distribution, etc. | 2005. |
| 300 ## - PHYSICAL DESCRIPTION | |
| Extent | 442 p. ; |
| Dimensions | 24 cm. |
| 440 ## - SERIES STATEMENT/ADDED ENTRY--TITLE | |
| Title | Strategic Management |
| 500 ## - GENERAL NOTE | |
| General note | Paperback. |
| 700 1# - ADDED ENTRY--PERSONAL NAME | |
| Personal name | Shepard, Andrea. |
| 700 1# - ADDED ENTRY--PERSONAL NAME | |
| Personal name | Podolny, Joel. |
| 856 40 - ELECTRONIC LOCATION AND ACCESS | |
| Materials specified | Amazon.com |
| Uniform Resource Identifier | <a href="http://www.amazon.com/exec/obidos/ASIN/9971513676/chopaconline-20">http://www.amazon.com/exec/obidos/ASIN/9971513676/chopaconline-20</a> |
| 856 40 - ELECTRONIC LOCATION AND ACCESS | |
| Materials specified | Amazon customer reviews |
| Uniform Resource Identifier | <a href="http://www.chopac.org/cgi-bin/tools/azrev.pl?q=9971513676">http://www.chopac.org/cgi-bin/tools/azrev.pl?q=9971513676</a> |
| 942 ## - ADDED ENTRY ELEMENTS (KOHA) | |
| Institution code [OBSOLETE] | NBS |
| Koha item type | Book |
| Call number prefix | 6568.4021 SAL 2001 |
| Source of classification or shelving scheme | |
| Withdrawn status | Lost status | Source of classification or shelving scheme | Damaged status | Not for loan | Permanent Location | Current Location | Shelving location | Date acquired | Total Checkouts | Full call number | Barcode | Date last seen | Date last checked out | Price effective from | Koha item type | Collection code |
|---|---|---|---|---|---|---|---|---|---|---|---|---|---|---|---|---|
| Central Library (CL) | Central Library (CL) | General Stacks | 08/28/2013 | 1 | 658.4021 SAL 2001 | NBS5649 | 05/16/2022 | 02/01/2022 | 08/28/2013 | Book | ||||||
| Central Library (CL) | Central Library (CL) | General Stacks | 09/27/2016 | 658.4021 SAL 2001 | NBSP-131 | 09/27/2016 | 09/27/2016 | Book | ||||||||
| Central Library (CL) | Central Library (CL) | General Stacks | 09/27/2016 | 658.4021 SAL 2001 | NBSP-129 | 09/27/2016 | 09/27/2016 | Book | ||||||||
| Central Library (CL) | Central Library (CL) | General Stacks | 08/09/2018 | 658.4021 SAL 2001 | NBSD-3027 | 08/09/2018 | 08/09/2018 | Book |
